Khảo sát hoạt tính kháng oxi hóa và bảo vệ gan của cao chiết cây màn màn hoa tím (Cleome chelidonii (L. f.)) : Luận văn tốt nghiệp Cao học. Chuyên ngành Hóa hữu cơ
Đề tài định tính sơ bộ các hợp chất có trong các cao chiết, thử nghiệm hoạt tính sinh học kháng oxi hóa và khả năng bảo vệ gan trên mô hình chuột nhiễm độc CCl4.
Na minha lista:
| Autor principal: | |
|---|---|
| Formato: | Livro |
| Idioma: | Undetermined |
| Publicado em: |
Cần Thơ
Trường Đại học Cần Thơ
2015
|
| Assuntos: | |
| Tags: |
Adicionar Tag
Sem tags, seja o primeiro a adicionar uma tag!
|
| Thư viện lưu trữ: | Trung tâm Học liệu Trường Đại học Cần Thơ |
|---|
| LEADER | 01127nam a2200217Ia 4500 | ||
|---|---|---|---|
| 001 | CTU_205767 | ||
| 008 | 210402s9999 xx 000 0 und d | ||
| 082 | |a 615.321 | ||
| 082 | |b Th523 | ||
| 088 | |a 60440114 | ||
| 100 | |a Nguyễn, Thị Diễm Thúy | ||
| 245 | 0 | |a Khảo sát hoạt tính kháng oxi hóa và bảo vệ gan của cao chiết cây màn màn hoa tím (Cleome chelidonii (L. f.)) : | |
| 245 | 0 | |b Luận văn tốt nghiệp Cao học. Chuyên ngành Hóa hữu cơ | |
| 245 | 0 | |c Nguyễn Thị Diễm Thúy ; Nguyễn Trọng Tuân (Cán bộ hướng dẫn) | |
| 260 | |a Cần Thơ | ||
| 260 | |b Trường Đại học Cần Thơ | ||
| 260 | |c 2015 | ||
| 520 | |a Đề tài định tính sơ bộ các hợp chất có trong các cao chiết, thử nghiệm hoạt tính sinh học kháng oxi hóa và khả năng bảo vệ gan trên mô hình chuột nhiễm độc CCl4. | ||
| 650 | |a Cây dược liệu,Medicinal plants | ||
| 904 | |i Hải | ||
| 980 | |a Trung tâm Học liệu Trường Đại học Cần Thơ | ||